LEADER 01020nam a2200205 i 4500 001 000000234318 003 CaOOAMICUS 005 20141013000000.0 008 141013s1981 it u000 u ita u 013 $a213221 040 $aSeMil$bita 245 10$a[Numero speciale per il Cinquantesimo di ordinazione sacerdotale di S. E. Monsignor Bernardo Citterio, Vescovo Ausiliare di Milano :$b1931-1981. 260 $aValmadrera :$bs.n.,$c1981] 300 $a17 p. :$bfoto ;$c23x24 cm. 500 $aMensile della parrocchia di Valmadrera, anno 9., ottobre 1981. 600 14$aCitterio, Bernardo .$0(OLS)http://semarc/subject/32808 850 $aSeMil 852 $aSeMil$W1$xVenegono$y1$m5D XI 13/12$j184664$B184664$CSeMilBibl$Z2$F195661 $81 996 $6245$a[Numero speciale per il Cinquantesimo di ordinazione sacerdotale di S. E. Monsignor Bernardo Citterio, Vescovo Ausiliare di Milano :$b1931-1981$9(OLS)http://semarc/title/334500 996 $6260$aValmadrera :$bs.n.$9(OLS)http://semarc/publisher/54089 LEADER 00827nam a2200193 i 4500 001 000000030962 003 CaOOAMICUS 005 20180830125449.0 008 180830s1838 ne u000 u und u 040 $aSeMil$bita 100 1 $aVoigt, Johannes.$0(OLS)http://semarc/name/14297 245 10$aHistoire du Pape Grégoire 7. et de son siècle, d'après les monuments originaux .. /$cpar J. Voigt. 260 $aBruxelles :$bMeline, Cans & C.,$c1838. 300 $a2 v. ;$c23 cm. 600 04$aGregorio VII .$0(OLS)http://semarc/subject/4946 774 0 $t1.$g1$w()235771 774 0 $t2.$g2$w()235772 996 $6245$aHistoire du Pape Grégoire 7. et de son siècle, d'après les monuments originaux ..$9(OLS)http://semarc/title/42128 996 $6260$aBruxelles :$bMeline, Cans & C.$9(OLS)http://semarc/publisher/33770